Intelligent Systems Journal Jan Dec 2004 Vol - 19 (Record no. 59176)

MARC details
000 -LEADER
fixed length control field 00348pam a2200133 a 4500
020 ## - INTERNATIONAL STANDARD BOOK NUMBER
Terms of availability
041 ## - LANGUAGE CODE
Language code of original
082 ## - DEWEY DECIMAL CLASSIFICATION NUMBER
Classification number 050
Item number SHA
100 ## - MAIN ENTRY--PERSONAL NAME
Personal name Shadbolt Niyel ,
Relator term Author .
245 ## - TITLE STATEMENT
Title Intelligent Systems Journal Jan Dec 2004 Vol - 19
Medium Bound Volumes
260 ## - PUBLICATION, DISTRIBUTION, ETC.
Place of publication, distribution, etc. [s.l]:
Name of publisher, distributor, etc. IEEE Computer Society ,
Date of publication, distribution, etc. 2004.
300 ## - PHYSICAL DESCRIPTION
Extent 0:
Other physical details Hb;
Dimensions 28*20.
930 ## - EQUIVALENCE OR CROSS-REFERENCE-UNIFORM TITLE HEADING [LOCAL, CANADA]
Uniform title 15955
Holdings
Withdrawn status Lost status Damaged status Not for loan Collection Home library Current library Shelving location Date acquired Source of acquisition Total Checkouts Full call number Barcode Date last seen Copy number Price effective from Koha item type
        EWP College of Engineering for Women, Pune College of Engineering for Women, Pune WE 25/03/2015 IEEE Computer Society ,   050 SHA EWP-j102 24/02/2023 1 24/02/2023 Book